| 000 | 00000nam 2200000zi 4500 |
| 001 | 9.954827 |
| 003 | CaOODSP |
| 005 | 20250923095329 |
| 006 | m o d f |
| 007 | cr |n||||||||| |
| 008 | 250904t20252025quc o f|0| 0 fre d |
| 020 | |a9780660787923 |
| 040 | |aCaOODSP|bfre|erda|cCaOODSP |
| 043 | |an-cn--- |
| 086 | 1 |aEn4-94/3-2025F-PDF |
| 245 | 00|aSachez stocker 3 : |bidentification de votre système. |
| 250 | |a[Édition 2025]. |
| 264 | 1|a[Gatineau (Québec)] : |bEnvironnement et changement climatique Canada = Environment and Climate Change Canada, |c[2025] |
| 264 | 4|c©2025 |
| 300 | |a1 ressource en ligne (2 pages non numérotées) |
| 336 | |atexte|btxt|2rdacontent/fre |
| 337 | |ainformatique|bc|2rdamedia/fre |
| 338 | |aressource en ligne|bcr|2rdacarrier/fre |
| 500 | |aPublié aussi en anglais sous le titre : Tank tip 3: identifying your system. |
| 500 | |aTitre de départ. |
| 650 | 6|aRéservoirs de stockage de produits pétroliers|xDroit|zCanada. |
| 650 | 6|aProduits pétroliers|xStockage|xDroit|zCanada. |
| 710 | 1 |aCanada. |bEnvironnement et changement climatique Canada, |eorganisme de publication. |
| 775 | 08|tTank tip 3 : |w(CaOODSP)9.954828 |
| 795 | |tSachez stocker 3 : |b[Édition 2023]|w(CaOODSP)9.919527 |
| 856 | 40|qPDF|s825 Ko|uhttps://publications.gc.ca/collections/collection_2025/eccc/en4/En4-94-3-2025-fra.pdf |